| 000 | 00597nam a22001577a 4500 | ||
|---|---|---|---|
| 008 | 211026b ||||| |||| 00| 0 eng d | ||
| 020 | _a0765807688 | ||
| 050 | _aDT450.435.P385 1999 | ||
| 245 |
_aThe path of a Genocide _bthe Rwanda crisis from Uganda to Zaire _c/edited by Howard Adelman and Astri Suhrke |
||
| 260 |
_aNew Brunswick: _bTransaction publishers; _c2000. |
||
| 300 |
_axxi, 413p.; _c23cm. |
||
| 650 |
_aRwanda _xPolitics and government _950660 |
||
| 650 |
_aGenocide _xHistory _y20th. century _950661 _zRwanda |
||
| 650 |
_aRwanda _xForeign relations _930153 |
||
| 942 |
_2lcc _cMONOGRAPH |
||
| 999 |
_c130970 _d130970 |
||